Fundamentals of Thermal Engineering (Record no. 30717)
[ view plain ]
| 000 -LEADER | |
|---|---|
| fixed length control field | 00343nam a2200157Ia 4500 |
| 082 ## - DEWEY DECIMAL CLASSIFICATION NUMBER | |
| Classification number | 621.402 |
| Item number | SHI |
| 100 ## - MAIN ENTRY--PERSONAL NAME | |
| Personal name | Shiv Kumar |
| 245 ## - TITLE STATEMENT | |
| Title | Fundamentals of Thermal Engineering |
| 260 ## - PUBLICATION, DISTRIBUTION, ETC. | |
| Name of publisher, distributor, etc. | Ane Books |
| Date of publication, distribution, etc. | 2012 |
| 366 ## - TRADE AVAILABILITY INFORMATION | |
| Publishers's discount category | 27 |
| 300 ## - PHYSICAL DESCRIPTION | |
| Extent | 720 |
| 546 ## - LANGUAGE NOTE | |
| Language note | ENGLISH |
| -- | Info.Tech |
| 650 ## - SUBJECT ADDED ENTRY--TOPICAL TERM | |
| Topical term or geographic name entry element | Thermal engineering |
| 942 ## - ADDED ENTRY ELEMENTS (KOHA) | |
| Koha item type | BOOK |
| Withdrawn status | Lost status | Damaged status | Not for loan | Collection | Home library | Current library | Date acquired | Source of acquisition | Cost, normal purchase price | Inventory number | Total Checkouts | Full call number | Barcode | Date last seen | Cost, replacement price | Price effective from | Koha item type |
|---|---|---|---|---|---|---|---|---|---|---|---|---|---|---|---|---|---|
| CRC | Fr. Agnel's C.Rodrigues College of Engineering | Fr. Agnel's C.Rodrigues College of Engineering | 17/03/2023 | Allied Publishers | 328.50 | 1521 dt 02/12/2013 | 621.402 SHI | 23027 | 17/03/2023 | 450.00 | BOOK |